Foundations of materials science and engineering
Kaydedildi:
| Yazar: | |
|---|---|
| Materyal Türü: | Kitap |
| Dil: | Undetermined |
| Baskı/Yayın Bilgisi: |
Boston, MA
McGraw-Hill
1990
|
| Konular: | |
| Etiketler: |
Etiketle
Etiket eklenmemiş, İlk siz ekleyin!
|
| Thư viện lưu trữ: | Trung tâm Học liệu Trường Đại học Cần Thơ |
|---|
| LEADER | 00542nam a2200193Ia 4500 | ||
|---|---|---|---|
| 001 | CTU_57256 | ||
| 008 | 210402s9999 xx 000 0 und d | ||
| 020 | |b 1781000 | ||
| 082 | |a 620.11 | ||
| 082 | |b S663 | ||
| 100 | |a William F. Smith | ||
| 245 | 0 | |a Foundations of materials science and engineering | |
| 245 | 0 | |c William F. Smith and Javad Hashemi | |
| 260 | |a Boston, MA | ||
| 260 | |b McGraw-Hill | ||
| 260 | |c 1990 | ||
| 650 | |a materials science,materials | ||
| 904 | |i Minh | ||
| 980 | |a Trung tâm Học liệu Trường Đại học Cần Thơ | ||